000 00708nam a2200241 i 4500
001 bg
100 1 _aOPYDO, Władysław
245 1 0 _aElektrotechnika i elektronika :
_bdla studentów wydziałów nieelektrycznych /
_cWładysław Opydo.
260 _aPoznań :
_bWydawnictwo Politechniki Poznańskiej,
_c2005.
300 _a217 s. :
_brys., wykr. ;
_c24 cm.
504 _aBibliogr. s. 216-217.
650 9 _aElektronika
650 9 _aElektrotechnika
655 _aPodręczniki akademickie
015 _aPB 16475/2005
020 _a8371433069
040 _cBPK
041 0 _apol
080 _a621.3(075.8)
920 _a83-7143-306-9
942 _cKS
008 s pl f |000 0 pol
999 _c51853
_d51853
856 _uhttp://koha.tu.koszalin.pl/cgi-bin/koha/opac-detail.pl?biblionumber=51853
_yKatalog online BPK